| 000 | 00658nam a22001937a 4500 | ||
|---|---|---|---|
| 005 | 20251108172643.0 | ||
| 008 | 250721s1986 xx 000 0 ara d | ||
| 082 | 1 | 4 | _a551,46733/جرا |
| 100 | 1 | _aجرادات، وليد محمد | |
| 245 | 1 | 0 | _aالاهميه الاستراتيجيه للبحر الاحمر : بين الماضي و الحاضر / |
| 264 | 1 |
_aالدوحه : _bدار الثقافه للنشر و التوزيع، _c1986. |
|
| 300 | _a400 | ||
| 650 | 1 | 7 | _aالبحر الأحمر |
| 650 | 1 | 7 | _aالإستراتيجية |
| 650 | 1 | 7 | _aتاريخ العالم |
| 650 | 1 | 7 | _aتاريخ العرب |
| 942 |
_2ddc _cBK |
||
| 999 |
_c85070 _d85070 |
||